Los Trabajos finales de graduación: su elaboración en las Ciencias Sociales

Gardado en:
Detalles Bibliográficos
Autor Principal: Brenes Chacón, Albam
Formato: Texto
Publicado: San José: EUNED
Materias:
Etiquetas: Engadir etiqueta
Sen Etiquetas, Sexa o primeiro en etiquetar este rexistro!

MARC

LEADER 00000 a a2200000 04500
001 31539
003
040
020 |a 9977-64-323-7  
090 |a 198800  
100 |a Brenes Chacón, Albam  
245 |a Los Trabajos finales de graduación: su elaboración en las Ciencias Sociales  
260 |a San José:   |b EUNED  
300 |a 322 p.  
650 |a INFORMES DE INVESTIGACION  
650 |a INVESTIGACION SOCIAL  
650 |a CIENCIAS SOCIALES  
650 |a ORGANIZACION DE LA INVESTIGACION  
650 |a METODOLOGIA  
999 |c 10354  |d 10354